000 00736cam a2200229 4500
008 020304n2002 000 0 eng u
020 _a1857839560
035 _a(Sirsi) u117674
041 _aeng.
050 _a333.33025
110 _aRoyal Institution of Chartered Surveyors
_94900
245 _aList of members supplement 2002
260 _aLondon
_bWaterlow Specialist Information Publishing Ltd
_c2002
300 _a112p
_c25cm.
520 _aSupplement contains details of members who do not appear in main directory
650 _aABOUT RICS-RICS MEMBERS
650 _aDIRECTORIES
650 _aRICS
650 _aMEMBERSHIP DIRECTORY
690 _aMANAGEMENT-BUSINESS MANAGEMENT-PROFESSIONAL PRACTICE
942 _n0
999 _c102042
_d102042